Detalles MARC
| 000 -CABECERA |
| campo de control de longitud fija |
01140nam a22002537a 4500 |
| 003 - IDENTIFICADOR DEL NÚMERO DE CONTROL |
| campo de control |
BPGM |
| 008 - DATOS DE LONGITUD FIJA--INFORMACIÓN GENERAL |
| campo de control de longitud fija |
260408s mx ||||| |||| 00| 0 spa d |
| 020 ## - NÚMERO INTERNACIONAL ESTÁNDAR DEL LIBRO |
| Número Internacional Estándar del Libro |
968-29-1064-1 |
| 040 ## - FUENTE DE LA CATALOGACIÓN |
| Centro catalogador/agencia de origen |
BPGM |
| Lengua de catalogación |
spa |
| 041 ## - CÓDIGO DE LENGUA |
| Código de lengua del texto/banda sonora o título independiente |
spa |
| Código de lengua original |
spa |
| 082 04 - NÚMERO DE LA CLASIFICACIÓN DECIMAL DEWEY |
| Número de clasificación |
793.33 / |
| Número de documento/Ítem |
D34 |
| Número de edición |
PRIMERA EDICION |
| 100 ## - ENTRADA PRINCIPAL--NOMBRE DE PERSONA |
| Nombre de persona |
DALLAL, ALBERTO |
| 245 ## - MENCIÓN DE TÍTULO |
| Título |
EL "DANCING" MEXICANO |
| 260 ## - PUBLICACIÓN, DISTRIBUCIÓN, ETC. |
| Lugar de publicación, distribución, etc. |
MÉXICO : |
| Nombre del editor, distribuidor, etc. |
EDICIONES OASIS, |
| Fecha de publicación, distribución, etc. |
1982. |
| 300 ## - DESCRIPCIÓN FÍSICA |
| Extensión |
207 páginas; |
| Dimensiones |
13.1 cm x 21 cm |
| 336 ## - TIPO DE CONTENIDO |
| Fuente |
rdacontent |
| Término de tipo de contenido |
texto |
| Código de tipo de contenido |
txt |
| 337 ## - TIPO DE MEDIO |
| Fuente |
rdamedia |
| Nombre/término del tipo de medio |
sin mediación |
| Código del tipo de medio |
n |
| 338 ## - TIPO DE SOPORTE |
| Fuente |
rdacarrier |
| Nombre/término del tipo de soporte |
volumen |
| Código del tipo de soporte |
nc |
| 505 ## - NOTA DE CONTENIDO CON FORMATO |
| Nota de contenido con formato |
DE ESTUDIOSO DE LA DANZA EN SUS MANIFESTACIONES CONSIDERADAS "MAS PURAS" COMO EL BALLET, TANTO EL CLASICO COMO SUS RAMAS MAS MODERNAS, AÑBERTO DALLAL (CIUDAD DE MÉXICO, 1936) INCURSIONA EN EL "DANCING" MEXICANO (1982), ENSAYO GANADOR DEL PREMIO VILLAURRUTIA DE ESE AÑO, POR EL FABULOSO MUNDO DE LOS SALONES DE BAILE Y DE SU PECULIAR ESTILO DE PRACTICAR EL LLAMADO ARTE DE TERPSICOPE. |
| 650 ## - PUNTO DE ACCESO ADICIONAL DE MATERIA--TÉRMINO DE MATERIA |
| Término de materia o nombre geográfico como elemento de entrada |
LAS ARTES LAS BELLAS ARTES Y ARTES DECORATIVAS |
| 650 ## - PUNTO DE ACCESO ADICIONAL DE MATERIA--TÉRMINO DE MATERIA |
| Término de materia o nombre geográfico como elemento de entrada |
ARTES RECREATIVAS Y DELA ACTUACION |
| 650 ## - PUNTO DE ACCESO ADICIONAL DE MATERIA--TÉRMINO DE MATERIA |
| Término de materia o nombre geográfico como elemento de entrada |
JUEGOS Y DIVERSIONES BAJO TECHO |
| 942 ## - ELEMENTOS DE PUNTO DE ACCESO ADICIONAL (KOHA) |
| Fuente del sistema de clasificación o colocación |
Dewey Decimal Classification |
| Tipo de ítem Koha |
General jóvenes y Adultos |